000
00242nam a2200109Ia 4500
008
190216s9999||||xx |||||||||||||| ||und||
100
_a
Radhakrishnan P
245
0
_a
Boyiler
260
_b
Vidyarthimithram
650
_a
Malayalam
942
_c
BK
999
_c
26268
_d
26268